[Event "61. BEM 2007"]
[Site "Dortmund"]
[Date "2007.03.13"]
[Round "8.30"]
[White "Marienfeld, Udo"]
[Black "Rabe, Mark"]
[Result "1-0"]
[WhiteElo "1349"]
[BlackElo "1004"]
[PlyCount "111"]
[EventDate "2007.??.??"]
[Source "SG Dortmund"]
[SourceDate "2004.12.16"]

1. e4 e5 2. Nf3 Nf6 3. Nc3 Nc6 4. d4 Bd6 5. d5 Na5 6. a3 b6 7. Bg5 c6 8. b4 Nb7
9. Bc4 c5 10. bxc5 Bxc5 11. Nxe5 O-O 12. Ng4 Be7 13. Nxf6+ Bxf6 14. Bxf6 Qxf6
15. Ne2 Nd6 16. Bd3 Bb7 17. O-O Rae8 18. f3 b5 19. Rb1 a6 20. Qd2 Qd8 21. Qf4
Qb6+ 22. Kh1 f5 23. e5 Nf7 24. Qxf5 Nxe5 25. Qxh7+ Kf7 26. Nf4 Rh8 27. Bg6+
Nxg6 28. Qxg6+ Qxg6 29. Nxg6 Rhg8 30. Nf4 g5 31. Nd3 Bxd5 32. Rfe1 Rc8 33. Nb4
Bb7 34. Re2 g4 35. fxg4 Rxg4 36. Rf1+ Kg8 37. h3 Rg7 38. Rc1 a5 39. Nd3 Kh7 40.
c3 Rcg8 41. Nf4 Rf8 42. Nd3 Rfg8 43. Rg1 Rg3 44. Nc5 Bc6 45. Ne4 R3g7 46. Nf6+
Kh8 47. Nxg8 Kxg8 48. Kh2 Kh7 49. Rge1 Rg6 50. Re7+ Kh6 51. g3 Kh5 52. Rh7+ Rh6
53. Rxh6+ Kxh6 54. Re5 d5 55. Re6+ Kg5 56. Rxc6 1-0

[Event "61. BEM 2007"]
[Site "Dortmund"]
[Date "2007.03.13"]
[Round "8.31"]
[White "Kiauka, Richard"]
[Black "Jentzsch, Werner Wilfried"]
[Result "1-0"]
[WhiteElo "1200"]
[BlackElo "1423"]
[PlyCount "99"]
[EventDate "2007.??.??"]
[Source "SG Dortmund"]
[SourceDate "2004.12.16"]

1. e4 e6 2. d4 Ne7 3. Nf3 d6 4. c4 Nd7 5. Bd3 c5 6. O-O b6 7. Re1 Bb7 8. d5 Ng6
9. dxe6 fxe6 10. Ng5 Qf6 11. Nc3 Be7 12. Qa4 O-O 13. Be3 Nde5 14. Be2 Nf4 15.
Bxf4 Qxf4 16. Nh3 Qf7 17. f3 Qg6 18. Rf1 Qh6 19. Nf2 Qg6 20. Nd3 Bc6 21. Nxe5
Qxg2+ 22. Kxg2 Bxa4 23. Ng6 hxg6 24. Nxa4 Bf6 25. Rab1 Be5 26. b3 Rf4 27. Nb2
Rh4 28. h3 Kf7 29. Nd3 Bd4 30. Nb2 Rah8 31. Rh1 R8h5 32. f4 Rh8 33. Bg4 Ke7 34.
Nd3 Rf8 35. Kg3 Rhh8 36. Rbf1 a6 37. f5 gxf5 38. exf5 e5 39. Re1 b5 40. cxb5
axb5 41. Nf4 Bc3 42. Nd5+ Kd7 43. Nxc3 b4 44. f6+ Kc6 45. fxg7 bxc3 46. Rc1
Rhg8 47. gxf8=R Rxf8 48. Rxc3 Rb8 49. Rf1 e4 50. h4 1-0

[Event "61. BEM 2007"]
[Site "Dortmund"]
[Date "2007.03.13"]
[Round "8.32"]
[White "Dedeck, Sylvia"]
[Black "Hast, Stefan"]
[Result "1/2-1/2"]
[WhiteElo "1034"]
[BlackElo "1161"]
[PlyCount "91"]
[EventDate "2007.??.??"]
[Source "SG Dortmund"]
[SourceDate "2004.12.16"]

1. d4 Nf6 2. c4 g6 3. Nc3 Bg7 4. Nf3 d6 5. e4 O-O 6. Bd3 Bg4 7. Bf4 Nc6 8. Be2
Re8 9. h3 Bxf3 10. Bxf3 e5 11. dxe5 Nxe5 12. Be2 Ned7 13. O-O Nxe4 14. Rc1 Nxc3
15. bxc3 Nc5 16. Bd2 Ne4 17. Bf3 Rb8 18. Re1 Nxd2 19. Qxd2 Qd7 20. Rxe8+ Qxe8
21. Rb1 b6 22. Re1 Qd7 23. Qd3 Re8 24. Rc1 Bh6 25. Rd1 Qa4 26. Ra1 Qa3 27. Qc2
Bg7 28. Rb1 Qxc3 29. Qxc3 Bxc3 30. Kf1 Re7 31. a3 Kf8 32. a4 a5 33. g3 Ke8 34.
Rc1 Bf6 35. Re1 Rxe1+ 36. Kxe1 Ke7 37. Ke2 Bg7 38. g4 f5 39. Bd5 Kf6 40. f4
fxg4 41. hxg4 h5 42. g5+ Kf5 43. Kf3 h4 44. Be4+ Ke6 45. Bd5+ Kf5 46. Be4+
1/2-1/2

[Event "61. BEM 2007"]
[Site "Dortmund"]
[Date "2007.03.13"]
[Round "8.33"]
[White "Eickmann, Martin"]
[Black "Müller, Michaela"]
[Result "0-1"]
[WhiteElo "778"]
[BlackElo "1005"]
[PlyCount "96"]
[EventDate "2007.??.??"]
[Source "SG Dortmund"]
[SourceDate "2004.12.16"]

1. e4 e6 2. Nf3 d5 3. Nc3 Nf6 4. Bb5+ Bd7 5. O-O dxe4 6. Ne5 Bxb5 7. Nxb5 a6 8.
Nc3 Bd6 9. Nc4 O-O 10. Re1 Nc6 11. d3 exd3 12. Qxd3 Be7 13. Qg3 Bd6 14. Bf4
Bxf4 15. Qxf4 Nh5 16. Qg4 Nf6 17. Qg3 Qe7 18. Rad1 Rad8 19. a4 Nh5 20. Qg4 Nf6
21. Qg3 Rxd1 22. Nxd1 Qb4 23. Qc3 Qxa4 24. b3 Qb4 25. Qe3 Nd5 26. Qe4 Nf6 27.
Qe2 Rd8 28. c3 Qxb3 29. Nd2 Qb5 30. c4 Qb4 31. Qe3 Qxd2 32. Qxd2 Rxd2 33. Ne3
b5 34. Rd1 Rxd1+ 35. Nxd1 b4 36. h3 b3 37. c5 a5 38. Nc3 Nd7 39. Nb1 Nxc5 40.
f4 b2 41. g4 Nd3 42. f5 exf5 43. gxf5 f6 44. Kh2 Nd4 45. h4 Nxf5 46. Kh3 Kf7
47. Kg4 Ke6 48. h5 h6 0-1

[Event "61. BEM 2007"]
[Site "Dortmund"]
[Date "2007.03.15"]
[Round "9.1"]
[White "Zeldin, Vitali"]
[Black "Fiebig, Thomas"]
[Result "0-1"]
[WhiteElo "1927"]
[BlackElo "2331"]
[PlyCount "60"]
[EventDate "2007.??.??"]
[Source "SG Dortmund"]
[SourceDate "2004.12.16"]

1. e4 e6 2. d4 d5 3. e5 c5 4. Qg4 Nc6 5. Nf3 Qa5+ 6. Nbd2 Nh6 7. Qf4 Nb4 8. Kd1
Bd7 9. Nb3 Qb6 10. dxc5 Bxc5 11. Nxc5 Qxc5 12. c3 Ba4+ 13. b3 Qxc3 14. bxa4 O-O
15. Qd4 Qc2+ 16. Ke1 Qxa4 17. Bd3 Nf5 18. Bxf5 exf5 19. Ke2 Rac8 20. Ne1 Rc4
21. Qd1 Qa6 22. Kf3 Rc3+ 23. Be3 Qc4 24. h3 Qe4+ 25. Ke2 Qc4+ 26. Kd2 d4 27.
Bf4 Rd3+ 28. Nxd3 Qxd3+ 29. Ke1 Nc2+ 30. Qxc2 Qxc2 0-1

[Event "61. BEM 2007"]
[Site "Dortmund"]
[Date "2007.03.15"]
[Round "9.2"]
[White "Kartsev, Soel"]
[Black "Zelt, Jens"]
[Result "1-0"]
[WhiteElo "2180"]
[BlackElo "2063"]
[PlyCount "83"]
[EventDate "2007.??.??"]
[Source "SG Dortmund"]
[SourceDate "2004.12.16"]

1. d4 d5 2. Nf3 e6 3. c4 Be7 4. Nc3 Nf6 5. cxd5 exd5 6. Bg5 c6 7. e3 h6 8. Bh4
Bf5 9. Bd3 Bxd3 10. Qxd3 O-O 11. O-O Nbd7 12. Rab1 Re8 13. b4 Bd6 14. b5 Qa5
15. bxc6 bxc6 16. Bg3 Bxg3 17. hxg3 Rab8 18. Qc2 Rxb1 19. Rxb1 Rb8 20. Rxb8+
Nxb8 21. e4 dxe4 22. Nxe4 Nfd7 23. g4 Qd5 24. g5 h5 25. Ng3 g6 26. Qe2 Kf8 27.
Nf1 Qb5 28. Qe4 Qc4 29. Qb1 Qb5 30. Qc1 Qa5 31. Qb2 Qb6 32. Qa3+ c5 33. Ne3 Kg8
34. Nd5 Qb1+ 35. Kh2 cxd4 36. Qd6 Qb7 37. Nxd4 Nb6 38. Nf6+ Kg7 39. Ne8+ Kg8
40. Qf6 Kf8 41. Ne6+ Kxe8 42. Qd8# 1-0

[Event "61. BEM 2007"]
[Site "Dortmund"]
[Date "2007.03.15"]
[Round "9.4"]
[White "Ziperstein, Jakob"]
[Black "Borjini, Mohamed"]
[Result "1/2-1/2"]
[WhiteElo "1858"]
[BlackElo "1965"]
[PlyCount "101"]
[EventDate "2007.??.??"]
[Source "SG Dortmund"]
[SourceDate "2004.12.16"]

1. e4 e6 2. Nf3 d5 3. exd5 exd5 4. d4 Nf6 5. Be2 Bd6 6. O-O O-O 7. Bg5 Bg4 8.
Nbd2 Nbd7 9. Re1 c6 10. Nf1 Qc7 11. Bxf6 Nxf6 12. Qd3 Rae8 13. h3 Bh5 14. Nh4
Bxe2 15. Rxe2 Rxe2 16. Qxe2 Re8 17. Qd3 g6 18. Nf3 Ne4 19. Re1 f5 20. N3d2 Re7
21. f3 Ng3 22. Rxe7 Qxe7 23. Nxg3 Bxg3 24. Nf1 Qe1 25. Qe3 f4 26. Qd2 Qb1 27.
Qe2 Kf7 28. Qd2 Qe1 29. b3 b5 30. c3 a5 31. Qc2 b4 32. c4 Qc3 33. Qd1 dxc4 34.
d5 c5 35. bxc4 Qxc4 36. Kh1 Qd4 37. Qe2 Qxd5 38. Qa6 c4 39. Qa7+ Kf6 40. Qxh7
c3 41. Qh8+ Kg5 42. Nxg3 Qd1+ 43. Kh2 fxg3+ 44. Kxg3 Qd6+ 45. Kf2 Qd2+ 46. Kf1
c2 47. Qe5+ Kh4 48. Qe7+ g5 49. Qh7+ Kg3 50. Qc7+ Qf4 51. Qxc2 1/2-1/2

[Event "61. BEM 2007"]
[Site "Dortmund"]
[Date "2007.03.15"]
[Round "9.5"]
[White "Begna, Bozidar"]
[Black "Starp, Klaus"]
[Result "0-1"]
[WhiteElo "1953"]
[BlackElo "1936"]
[PlyCount "96"]
[EventDate "2007.??.??"]
[Source "SG Dortmund"]
[SourceDate "2004.12.16"]

1. e4 c5 2. Nf3 a6 3. c4 Nc6 4. d4 cxd4 5. Nxd4 Nf6 6. Nc3 e5 7. Nf5 d5 8. cxd5
Bxf5 9. exf5 Nd4 10. Bd3 Nxd5 11. O-O Bb4 12. Nxd5 Qxd5 13. Qg4 h5 14. Qe4
O-O-O 15. Qxd5 Rxd5 16. Be4 Ne2+ 17. Kh1 Rd4 18. Bf3 Nxc1 19. Raxc1+ Kb8 20. a3
Be7 21. Rfd1 h4 22. Kg1 Rhd8 23. Kf1 Bg5 24. Rxd4 Rxd4 25. Rd1 Rxd1+ 26. Bxd1
Bc1 27. b3 Bxa3 28. Ke2 Kc7 29. Kd3 Bc5 30. Bh5 Bxf2 31. Bxf7 h3 32. gxh3 Kd6
33. Be6 b6 34. Bc8 a5 35. Ke4 Bg1 36. h4 Bxh2 37. h5 Bf4 38. Kd3 Kc5 39. Kc3 e4
40. Bb7 Be5+ 41. Kd2 Kd4 42. Bc6 Bf6 43. Be8 Bg5+ 44. Ke2 Kc3 45. Bf7 b5 46.
Bd5 e3 47. Be6 a4 48. Bd7 a3 0-1

[Event "61. BEM 2007"]
[Site "Dortmund"]
[Date "2007.03.15"]
[Round "9.6"]
[White "Gitschel, Ralf"]
[Black "Kropp, Andreas"]
[Result "1/2-1/2"]
[WhiteElo "1831"]
[BlackElo "1821"]
[PlyCount "35"]
[EventDate "2007.??.??"]
[Source "SG Dortmund"]
[SourceDate "2004.12.16"]

1. d4 Nf6 2. c4 g6 3. Nc3 d5 4. cxd5 Nxd5 5. e4 Nxc3 6. bxc3 Bg7 7. Be3 c5 8.
Bc4 Nc6 9. Ne2 cxd4 10. cxd4 b5 11. Bxb5 Qa5+ 12. Nc3 Qxc3+ 13. Bd2 Qxd4 14.
Bxc6+ Bd7 15. Bxa8 Qxa1 16. Qxa1 Bxa1 17. O-O O-O 18. Rxa1 1/2-1/2

[Event "61. BEM 2007"]
[Site "Dortmund"]
[Date "2007.03.15"]
[Round "9.7"]
[White "Tkachuk, Konstantyn"]
[Black "Werner, Patrick"]
[Result "1-0"]
[WhiteElo "2090"]
[BlackElo "1783"]
[PlyCount "59"]
[EventDate "2007.??.??"]
[Source "SG Dortmund"]
[SourceDate "2004.12.16"]

1. e4 c5 2. Nf3 d6 3. d4 cxd4 4. Nxd4 Nf6 5. Nc3 a6 6. Bc4 e6 7. Bb3 Be7 8. Be3
b5 9. f3 Qc7 10. Qd2 O-O 11. g4 Re8 12. g5 Nh5 13. O-O-O Nd7 14. Nce2 Ne5 15.
Ng3 g6 16. Nxh5 gxh5 17. Qg2 Nc4 18. Bxc4 Qxc4 19. Kb1 Bb7 20. Qh3 d5 21. e5 a5
22. Qxh5 a4 23. Rhg1 a3 24. g6 hxg6 25. Rxg6+ fxg6 26. Qxg6+ Kh8 27. Qh6+ Kg8
28. Rg1+ Bg5 29. Rxg5+ Kf7 30. Qf6# 1-0

[Event "61. BEM 2007"]
[Site "Dortmund"]
[Date "2007.03.15"]
[Round "9.8"]
[White "Watzlawek, Markus"]
[Black "Hardt, Helmut"]
[Result "1-0"]
[WhiteElo "1967"]
[BlackElo "1793"]
[PlyCount "119"]
[EventDate "2007.??.??"]
[Source "SG Dortmund"]
[SourceDate "2004.12.16"]

1. d4 Nf6 2. c4 c5 3. d5 d6 4. Nc3 g6 5. e4 Bg7 6. f3 a6 7. a4 Nbd7 8. Nh3 Ne5
9. Nf2 Rb8 10. Be2 h5 11. O-O b6 12. Bg5 Qc7 13. Qd2 Nh7 14. Bh6 Kf8 15. Rae1
Nf6 16. Be3 h4 17. b3 Bd7 18. h3 Bc8 19. f4 Ned7 20. Nd3 Nh5 21. Bxh5 Rxh5 22.
Qc2 Kg8 23. Kh1 Nf8 24. Bg1 Bd7 25. Bh2 b5 26. axb5 axb5 27. e5 bxc4 28. bxc4
Bf5 29. Nb5 Qd7 30. Qd2 Ra8 31. Re3 Ra4 32. Qc2 Ra8 33. Qc3 Ra2 34. Ra1 Rxa1+
35. Qxa1 Bxd3 36. Rxd3 Qf5 37. Re3 Qc2 38. Qc3 Qxc3 39. Nxc3 Nd7 40. exd6 exd6
41. Re8+ Bf8 42. f5 Rxf5 43. Bxd6 Kg7 44. Bxf8+ Nxf8 45. Kg1 Nd7 46. Re4 g5 47.
Na4 Kf6 48. Nb2 Rf4 49. Rxf4+ gxf4 50. Nd3 Kf5 51. Kf2 Ke4 52. Ke2 Kd4 53. Nxf4
Kxc4 54. Ke3 Kb3 55. Ne2 Nf6 56. d6 c4 57. Kd4 Nd7 58. Kd5 c3 59. Kc6 Ne5+ 60.
Kc7 1-0

[Event "61. BEM 2007"]
[Site "Dortmund"]
[Date "2007.03.15"]
[Round "9.9"]
[White "Gorzinski, Dariusz"]
[Black "Kartsev, Alexandr"]
[Result "1-0"]
[WhiteElo "1855"]
[BlackElo "1835"]
[PlyCount "129"]
[EventDate "2007.??.??"]
[Source "SG Dortmund"]
[SourceDate "2004.12.16"]

1. c4 e5 2. g3 g6 3. Bg2 Bg7 4. Nc3 Nc6 5. e4 d6 6. Nge2 f5 7. d3 Nf6 8. h3 O-O
9. exf5 gxf5 10. f4 Rb8 11. Be3 Nh5 12. O-O a6 13. Kh2 Kh8 14. Qd2 Be6 15. b3
Rg8 16. Bf3 Qe8 17. Rae1 Qf7 18. d4 exf4 19. Bxf4 Nxf4 20. Qxf4 Ne7 21. Qe3
Rge8 22. Nf4 Bd7 23. Bh5 Ng6 24. Qd2 c6 25. Ne4 Qe7 26. Bxg6 fxe4 27. Rxe4 Qf6
28. Bxe8 Rxe8 29. Rxe8+ Bxe8 30. Qe2 Bf7 31. d5 cxd5 32. cxd5 Qe5 33. Qxe5 Bxe5
34. Ne6 Kg8 35. Kg2 h6 36. g4 Bg6 37. Nd8 Be4+ 38. Kf2 Bxd5 39. Rc1 Kf8 40. Rc7
b5 41. Nc6 Bf6 42. Nb8 Ke8 43. Nxa6 Bd4+ 44. Kg3 Be5+ 45. Kf2 Bd4+ 46. Ke2 Be4
47. a4 Bb6 48. Rc8+ Kd7 49. Rb8 Kc6 50. Nb4+ Kc7 51. Rh8 bxa4 52. bxa4 Ba5 53.
Nd3 Bc6 54. Rh7+ Bd7 55. Rxh6 Bxa4 56. Rh7+ Bd7 57. g5 Kc6 58. h4 Bg4+ 59. Ke3
Bf5 60. Rf7 Bg6 61. Rf6 Bb6+ 62. Kd2 Ba5+ 63. Kc2 Bh5 64. g6 Bd8 65. g7 1-0

[Event "61. BEM 2007"]
[Site "Dortmund"]
[Date "2007.03.15"]
[Round "9.10"]
[White "Ziemek, Gerhard"]
[Black "Tkachuk, Sergiy"]
[Result "0-1"]
[WhiteElo "1690"]
[BlackElo "2106"]
[PlyCount "56"]
[EventDate "2007.??.??"]
[Source "SG Dortmund"]
[SourceDate "2004.12.16"]

1. d4 Nf6 2. Nc3 d5 3. e4 dxe4 4. f3 e3 5. Bxe3 e6 6. Bd3 Be7 7. Nge2 O-O 8.
Qd2 Nc6 9. a3 Kh8 10. h4 e5 11. Bc4 exd4 12. Nxd4 Ne5 13. Be2 c5 14. Nb3 b6 15.
O-O-O Be6 16. Qe1 Qc8 17. g4 Qb7 18. Qg3 Nc4 19. Bf4 Rad8 20. Nd2 Nxd2 21. Bxd2
b5 22. f4 b4 23. Bf3 Qa6 24. Ne4 bxa3 25. b3 c4 26. b4 Qa4 27. Nxf6 Bxf6 28.
Bc6 a2 0-1

[Event "61. BEM 2007"]
[Site "Dortmund"]
[Date "2007.03.15"]
[Round "9.11"]
[White "Flierdl, Lothar"]
[Black "Reusche, Horst"]
[Result "0-1"]
[WhiteElo "1646"]
[BlackElo "1900"]
[PlyCount "50"]
[EventDate "2007.??.??"]
[Source "SG Dortmund"]
[SourceDate "2004.12.16"]

1. e4 b6 2. Nf3 Bb7 3. d3 e6 4. g3 d5 5. e5 c5 6. Bg2 Nc6 7. c3 Qc7 8. Bf4 h6
9. h4 Nge7 10. Na3 a6 11. Rc1 Ng6 12. d4 Nxf4 13. gxf4 Be7 14. Nc2 O-O-O 15.
dxc5 bxc5 16. O-O g5 17. b4 gxf4 18. bxc5 Nxe5 19. Ncd4 Nxf3+ 20. Qxf3 Bxc5 21.
Nb3 Ba3 22. Rc2 Rhg8 23. Rd1 d4 24. cxd4 Bxf3 25. Rxc7+ Kxc7 0-1

[Event "61. BEM 2007"]
[Site "Dortmund"]
[Date "2007.03.15"]
[Round "9.12"]
[White "Büchle, Manfred"]
[Black "Stepke, Horst P"]
[Result "1-0"]
[WhiteElo "1851"]
[BlackElo "1636"]
[PlyCount "65"]
[EventDate "2007.??.??"]
[Source "SG Dortmund"]
[SourceDate "2004.12.16"]

1. e4 e5 2. d4 exd4 3. Bc4 Nc6 4. Nf3 d6 5. O-O Nf6 6. Nxd4 Be7 7. Nxc6 bxc6 8.
Re1 O-O 9. Bd3 Bg4 10. f3 Be6 11. Be3 c5 12. c4 Rb8 13. Qc2 h6 14. Nc3 Nd7 15.
f4 Nb6 16. b3 Bf6 17. Rad1 Qc8 18. e5 Bh4 19. g3 Be7 20. f5 Bd7 21. f6 gxf6 22.
Bxh6 fxe5 23. Bxf8 Qxf8 24. Bf5 Bc6 25. Nd5 Bxd5 26. cxd5 Qh6 27. Re4 Bf6 28.
Rg4+ Kf8 29. Qe4 Ke7 30. Qf3 Rh8 31. h4 Qh5 32. Rf1 Nxd5 33. Qxd5 1-0

[Event "61. BEM 2007"]
[Site "Dortmund"]
[Date "2007.03.15"]
[Round "9.13"]
[White "Watzlawek, Volker"]
[Black "Krause, Dieter"]
[Result "1/2-1/2"]
[WhiteElo "1636"]
[BlackElo "1824"]
[PlyCount "115"]
[EventDate "2007.??.??"]
[Source "SG Dortmund"]
[SourceDate "2004.12.16"]

1. e4 d5 2. exd5 Qxd5 3. Nc3 Qd8 4. d4 Nf6 5. Bf4 c6 6. Be2 Bf5 7. Bf3 e6 8.
Nge2 h6 9. Ng3 Bg6 10. O-O Be7 11. Nce4 O-O 12. Qd2 Nxe4 13. Nxe4 Na6 14. Rfd1
Bxe4 15. Bxe4 Bg5 16. Bxg5 Qxg5 17. Qe2 Rae8 18. Bxc6 bxc6 19. Qxa6 Rb8 20. b3
Qe7 21. Qxc6 Rfc8 22. Qe4 Qb4 23. c4 a5 24. d5 exd5 25. Rxd5 a4 26. Rd3 Re8 27.
a3 Qa5 28. b4 Rxe4 29. bxa5 Rxc4 30. Rd5 Kf8 31. a6 Ra8 32. Ra5 Rc6 33. Rxa4
Rcxa6 34. Rxa6 Rxa6 35. Kf1 Ke7 36. Ke2 Kd6 37. Rd1+ Ke6 38. Rd3 Ke5 39. Kd2 f5
40. Kc2 g5 41. Kb2 g4 42. Rb3 f4 43. Rb5+ Ke4 44. Rb4+ Ke5 45. a4 h5 46. Kb3 h4
47. Kc4 g3 48. hxg3 fxg3 49. fxg3 hxg3 50. Kb5 Rg6 51. a5 Kd5 52. Rc4 Rg8 53.
Rc2 Rb8+ 54. Ka6 Rb3 55. Ka7 Rd3 56. a6 Kd6 57. Kb7 Rb3+ 58. Ka8 {nebst Remis
nach einigen weiteren, in Zeitnot gespielten Zuegen. Schwarz eroberte den
Bauern g2 und opferte anschliessend seinen Turm fuer den weissen a-Bauern ...}
1/2-1/2

[Event "61. BEM 2007"]
[Site "Dortmund"]
[Date "2007.03.15"]
[Round "9.14"]
[White "Grawe, Herbert"]
[Black "Grewe, Markus"]
[Result "0-1"]
[WhiteElo "1445"]
[BlackElo "1766"]
[PlyCount "64"]
[EventDate "2007.??.??"]
[Source "SG Dortmund"]
[SourceDate "2004.12.16"]

1. Nc3 d5 2. e4 d4 3. Nce2 e5 4. Ng3 Nf6 5. a3 h5 6. h4 Be7 7. Bc4 Bg4 8. f3
Be6 9. Be2 Nh7 10. Nxh5 Bxh4+ 11. g3 Bf6 12. d3 Nc6 13. f4 g6 14. Nxf6+ Qxf6
15. Bg4 O-O-O 16. Bxe6+ fxe6 17. Qg4 exf4 18. gxf4 b6 19. Bd2 Kb7 20. O-O-O e5
21. f5 gxf5 22. exf5 Qf7 23. Qe4 Nf6 24. Qf3 e4 25. dxe4 Rxh1 26. Qxh1 Qa2 27.
Bf4 Qa1+ 28. Kd2 Qxb2 29. e5 Qc3+ 30. Ke2 Qxc2+ 31. Rd2 d3+ 32. Kf3 Qc4 0-1

[Event "61. BEM 2007"]
[Site "Dortmund"]
[Date "2007.03.15"]
[Round "9.15"]
[White "Schultz, Bernfried"]
[Black "Gegner, Michael"]
[Result "1-0"]
[WhiteElo "1708"]
[BlackElo "1517"]
[PlyCount "55"]
[EventDate "2007.??.??"]
[Source "SG Dortmund"]
[SourceDate "2004.12.16"]

1. e4 e5 2. Nf3 f5 3. Nxe5 Qf6 4. d4 d6 5. Nc4 fxe4 6. Nc3 Qg6 7. Ne3 c6 8. d5
Nf6 9. dxc6 bxc6 10. Ne2 Be7 11. Nf4 Qf7 12. Bc4 d5 13. Bb3 Na6 14. a3 g5 15.
Ne2 Rf8 16. O-O Bd6 17. Ng3 Qg6 18. Ba4 Bd7 19. c4 Nc5 20. Bc2 Be6 21. cxd5
cxd5 22. Qd4 h5 23. Rd1 h4 24. Ngf1 Qf7 25. b4 Ncd7 26. Ba4 Be5 27. Qxe5 Ke7
28. Nf5+ 1-0

[Event "61. BEM 2007"]
[Site "Dortmund"]
[Date "2007.03.15"]
[Round "9.16"]
[White "Holtmann, Rainer"]
[Black "Schröder, Thomas"]
[Result "1-0"]
[WhiteElo "1679"]
[BlackElo "1581"]
[PlyCount "39"]
[EventDate "2007.??.??"]
[Source "SG Dortmund"]
[SourceDate "2004.12.16"]

1. d4 Nf6 2. Nf3 e6 3. e3 b6 4. Bd3 Bb7 5. Nbd2 d5 6. O-O Be7 7. Re1 O-O 8. Ne5
c5 9. c3 Nc6 10. Nxc6 Bxc6 11. Nf3 Nd7 12. e4 Qc7 13. e5 Rfe8 14. Bd2 a5 15.
Rc1 c4 16. Bb1 b5 17. Ng5 g6 18. Qf3 Rf8 19. Nxh7 Kxh7 20. Qh5+ 1-0

[Event "61. BEM 2007"]
[Site "Dortmund"]
[Date "2007.03.15"]
[Round "9.17"]
[White "Benke, Werner"]
[Black "Volmer, Martin"]
[Result "0-1"]
[WhiteElo "1501"]
[BlackElo "1657"]
[PlyCount "86"]
[EventDate "2007.??.??"]
[Source "SG Dortmund"]
[SourceDate "2004.12.16"]

1. e4 c5 2. Nf3 d6 3. d4 cxd4 4. Nxd4 Nf6 5. f3 Nc6 6. c3 e5 7. Nb3 Be6 8. c4
Rc8 9. Be3 Na5 10. Nxa5 Qxa5+ 11. Bd2 Qb6 12. b3 Be7 13. Nc3 O-O 14. Be2 a6 15.
Qc1 Qc7 16. Qb2 Nd7 17. O-O Qc5+ 18. Kh1 Qd4 19. Rad1 Qa7 20. Bd3 f5 21. Nd5
Bxd5 22. exd5 Nc5 23. Bb1 b5 24. cxb5 axb5 25. Be3 Qd7 26. Rc1 Bf6 27. Qf2 Na6
28. Qe2 Nc7 29. Qd3 g6 30. h3 Qf7 31. Rfd1 Rfe8 32. Rc6 e4 33. fxe4 fxe4 34.
Qd2 b4 35. Rc4 Bc3 36. Qf2 Qxf2 37. Bxf2 e3 38. Be1 e2 39. Rc1 Nxd5 40. Rxc8
Rxc8 41. g3 Rf8 42. Kg2 Ne3+ 43. Kh2 Rf1 0-1

[Event "61. BEM 2007"]
[Site "Dortmund"]
[Date "2007.03.15"]
[Round "9.18"]
[White "Dörre, Niels"]
[Black "Duschek, Günter"]
[Result "1/2-1/2"]
[WhiteElo "1374"]
[BlackElo "1633"]
[PlyCount "75"]
[EventDate "2007.??.??"]
[Source "SG Dortmund"]
[SourceDate "2004.12.16"]

1. e4 d5 2. exd5 Qxd5 3. Nc3 Qd8 4. d4 c6 5. Nf3 Bf5 6. Bd3 Bxd3 7. Qxd3 e6 8.
Bf4 Nf6 9. O-O Bd6 10. Be5 Bxe5 11. Nxe5 Nbd7 12. f4 h5 13. f5 Nxe5 14. dxe5
Qxd3 15. cxd3 Ng4 16. fxe6 fxe6 17. d4 Rd8 18. Ne4 Nh6 19. Nd6+ Ke7 20. Rac1
Rd7 21. Rc4 Rf8 22. Rxf8 Kxf8 23. Rc1 Nf5 24. Rf1 g6 25. b4 Kg8 26. Nxf5 exf5
27. Rd1 Kf7 28. Kf2 Ke6 29. Ke3 g5 30. g3 Rf7 31. Rf1 Rg7 32. a4 h4 33. gxh4
gxh4 34. Rf4 Rh7 35. a5 Rh5 36. Rf1 Rg5 37. Rf4 Rh5 38. Rf1 1/2-1/2

[Event "61. BEM 2007"]
[Site "Dortmund"]
[Date "2007.03.15"]
[Round "9.20"]
[White "Strotmann, Dieter"]
[Black "Grube, Jörg"]
[Result "0-1"]
[WhiteElo "1320"]
[BlackElo "1829"]
[PlyCount "100"]
[EventDate "2007.??.??"]
[Source "SG Dortmund"]
[SourceDate "2004.12.16"]

1. Nf3 Nf6 2. d4 e6 3. c4 c5 4. e3 d5 5. dxc5 Bxc5 6. b3 O-O 7. Be2 dxc4 8.
Qxd8 Rxd8 9. Bxc4 a6 10. Bb2 b5 11. Bxf6 gxf6 12. Be2 Bb4+ 13. Nbd2 Ra7 14. a3
Bc3 15. Ra2 Rad7 16. b4 Bb7 17. Rc2 Rc8 18. O-O Bxd2 19. Rxd2 Rxd2 20. Nxd2 Rc2
21. Rd1 Ra2 22. Bf1 Nd7 23. Nb1 Ne5 24. h3 Nc4 25. Bxc4 bxc4 26. f3 Bc6 27. Kh2
Bxf3 28. Rd2 Ra1 29. gxf3 Rxb1 30. Rc2 Rb3 31. Rxc4 Rxa3 32. Re4 Rb3 33. Kg3 f5
34. Rc4 Rxe3 35. Rc5 Kg7 36. Ra5 Rb3 37. Rxa6 Rxb4 38. Ra1 Kf6 39. Re1 e5 40.
h4 Rb8 41. Rc1 Re8 42. Re1 e4 43. Kf4 e3 44. Rxe3 Rxe3 45. Kxe3 Ke5 46. f4+ Kd5
47. Kd3 h5 48. Ke3 Kc4 49. Ke2 Kd4 50. Kf3 Kd3 0-1

[Event "61. BEM 2007"]
[Site "Dortmund"]
[Date "2007.03.15"]
[Round "9.21"]
[White "Raskin, Vitali"]
[Black "Zabel, Reinhard"]
[Result "1-0"]
[WhiteElo "1678"]
[BlackElo "1427"]
[PlyCount "97"]
[EventDate "2007.??.??"]
[Source "SG Dortmund"]
[SourceDate "2004.12.16"]

1. d4 d5 2. c4 e6 3. Nc3 Nf6 4. Bg5 Be7 5. Nf3 O-O 6. e3 b6 7. cxd5 Nxd5 8.
Bxe7 Qxe7 9. Be2 Bb7 10. O-O Nxc3 11. bxc3 Nd7 12. Qc2 h6 13. c4 c5 14. a4 Rfc8
15. Rab1 Rab8 16. Rfd1 Ba8 17. Nd2 Qf6 18. Bf3 cxd4 19. exd4 Bxf3 20. Nxf3 Rc7
21. Rbc1 Rbc8 22. Qa2 Qe7 23. h3 Qb4 24. Nd2 Nf6 25. Rb1 Qd6 26. Qb2 Qc6 27.
Qb5 Qd6 28. Qe5 Qxe5 29. dxe5 Nd7 30. f4 Nc5 31. Ra1 Rd7 32. Nf3 Rcd8 33. Rxd7
Rxd7 34. a5 Nb3 35. Ra4 Nxa5 36. c5 Kf8 37. cxb6 axb6 38. Rb4 Rb7 39. Nd4 g6
40. Kf2 Ke7 41. Ke3 Kd7 42. Nb5 Kc6 43. Nd6 Rd7 44. Rb1 Kc5 45. Rb5+ Kc6 46.
Rb1 Kc5 47. Rc1+ Kd5 48. Rc8 Nb7 49. Nc4 1-0

[Event "61. BEM 2007"]
[Site "Dortmund"]
[Date "2007.03.15"]
[Round "9.22"]
[White "Rossa, Daniel"]
[Black "Stiebel, Erhard"]
[Result "1-0"]
[WhiteElo "1543"]
[BlackElo "1384"]
[PlyCount "43"]
[EventDate "2007.??.??"]
[Source "SG Dortmund"]
[SourceDate "2004.12.16"]

1. e4 d5 2. exd5 Qxd5 3. Nc3 Qa5 4. d4 Nf6 5. Bc4 Bf5 6. Nf3 Nbd7 7. O-O h6 8.
Re1 O-O-O 9. Bxf7 g5 10. Qe2 Rh7 11. Be6 Bxe6 12. Qxe6 Kb8 13. Be3 g4 14. Ne5
Qb6 15. Qb3 Qxb3 16. axb3 Nb6 17. Ng6 h5 18. Na4 Nc8 19. Nc5 Bh6 20. c3 Bxe3
21. Rxe3 Rg7 22. Ne6 1-0

[Event "61. BEM 2007"]
[Site "Dortmund"]
[Date "2007.03.15"]
[Round "9.23"]
[White "Reinacher, Detlev"]
[Black "Dirks, Rainer"]
[Result "1-0"]
[WhiteElo "1480"]
[BlackElo "979"]
[PlyCount "63"]
[EventDate "2007.??.??"]
[Source "SG Dortmund"]
[SourceDate "2004.12.16"]

1. d4 d5 2. c4 Nf6 3. Nc3 e6 4. e3 Bb4 5. a3 Bxc3+ 6. bxc3 O-O 7. Qc2 Nbd7 8.
Bd3 c6 9. Nf3 h6 10. O-O Re8 11. cxd5 exd5 12. c4 dxc4 13. Bxc4 Re7 14. Bd2 b6
15. Bd3 Bb7 16. e4 c5 17. d5 Ne5 18. Nxe5 Rxe5 19. f4 Re8 20. Rfe1 Nh5 21. g4
Qh4 22. Qd1 Nf6 23. g5 Ng4 24. Re2 Bxd5 25. exd5 Kf8 26. gxh6 gxh6 27. Bf5 Rxe2
28. Qxe2 Re8 29. Qxg4 Qd8 30. Bc3 Ke7 31. d6+ Qxd6 32. Re1+ 1-0